プロ野球 2010年以降 全球団から本塁打を達成した選手 - Statistics

General Stats
  • This quiz has been taken 22 times
  • The average score is 18 of 31
Answer Stats
Answer % Correct
小笠原 道大
82%
山川 穂高
82%
内川 聖一
77%
浅村 栄斗
77%
中田 翔
77%
糸井 嘉男
73%
ブランコ
68%
丸 佳浩
68%
森 友哉
68%
近藤 健介
68%
中村 紀洋
64%
村田 修一
64%
長野 久義
59%
バレンティン
59%
鈴木 大地
59%
ビシエド
59%
吉村 裕基
55%
福留 孝介
55%
阿部 寿樹
55%
二岡 智宏
50%
スレッジ
50%
バルディリス
50%
大引 啓次
50%
中島 宏之
45%
ロペス
45%
レアード
45%
相川 亮二
41%
大田 泰示
41%
ウィーラー
41%
フェルナンデス
36%
ロメロ
32%
No matching quizzes found
Score Distribution
Percent of People with Each Score
Percentile by Number Answered
Your Score History
You have not taken this quiz